| 000 | 00965nab a22002177a 4500 | ||
|---|---|---|---|
| 999 |
_c5577 _d5577 |
||
| 003 | OSt | ||
| 005 | 20251219092134.0 | ||
| 008 | 190429b xxu||||| |||| 00| 0 spa d | ||
| 040 | _cPJ | ||
| 100 |
_96553 _aColanzi Zeballos, Alejandro |
||
| 245 | 1 | 0 |
_aCriminología y libertad : _b¿casualidad o causalidad? / _cAlejandro Colanzi Zeballos. |
| 260 |
_cCiudad Autónoma de Buenos Aires : _aThomson Reuters La Ley, _b2025. |
||
| 300 | _ap. 231-236 | ||
| 500 | _aCita: TR LALEY AR/DOC/720/2025. | ||
| 505 | _aSumario: I. Introducción.— II. Antecedentes.— III. Planteamiento.— IV. Conclusiones.— V. Bibliografía. | ||
| 505 | _tSi te interesa el texto completo, solicitalo a koha@justierradelfuego.gov.ar | ||
| 650 | 0 |
_9343 _aDERECHO PENAL |
|
| 650 | 0 |
_92486 _aCRIMINOLOGÍA |
|
| 773 | 0 |
_02658 _93164 _tRevista de derecho penal y criminología. Nº 4 - Mayo 2025 _dCiudad Autónoma de Buenos Aires : Thomson Reuters La Ley, 2017- _x00347914 |
|
| 942 |
_2udc _cANA |
||